| 000 | 00442nac a22001571u 4500 | ||
|---|---|---|---|
| 090 | _c | ||
| 008 | 090208t xxu||||| |||| 00| 0 eng d | ||
| 020 | _a8121906512 | ||
| 082 |
_a620.1 _bKHU _222 |
||
| 100 | _aKhurmi, R. S. | ||
| 245 |
_aA Textbook of Engineering Mechanics/ _cR. S. Khurmi |
||
| 260 |
_aNew Delhi: _bS. Chand, _c1967 |
||
| 300 |
_a840p.: _bill.; _c20 cm. |
||
| 700 | _aGupta, J. K. | ||
| 942 |
_cBB _k620.1KHU _2ddc |
||
| 999 |
_c10751 _d10751 |
||